000 00371nam a22001217a 4500
999 _c2235
_d2235
005 20200910142405.0
008 200910b ||||| |||| 00| 0 eng d
020 _a0749628626
040 _cCML
245 _aThe Ashanti of West Africa.
_cHetfield, J.
260 _aUnited States of America
_bThe Rosen Publishing Group Inc
_c1996
942 _2ddc
_cBK
_e1st Edition
_hREF
_mHET